All 1M+ Cities by Letter - P - Statistics

General Stats
  • This quiz has been taken 319 times
  • The average score is 18 of 27
Answer Stats
Country (State) Population (Millions) City Name % Correct
France 11.4 Paris
100%
USA (Pennsylvania) 7.4 Philadelphia
99%
Panama 1.51 Panama City
98%
USA (Arizona) 4.6 Phoenix
98%
Czechia 1.43 Prague
98%
North Korea 2.925 Pyongyang
98%
Australia 2.05 Perth
96%
Cambodia 2.175 Phnom Penh
96%
Haiti 3.125 Port-au-Prince
95%
USA (Oregon) 2.4 Portland
95%
Portugal 1.15 Porto
95%
USA (Pennsylvania) 2.05 Pittsburgh
88%
Brazil 4.1 Porto Alegre
77%
India (Maharashtra) 6.7 Pune
76%
South Africa 1.33 Port Elizabeth
73%
Mexico 3.125 Puebla
67%
Nigeria 2.275 Port Harcourt
54%
Russia 1.12 Perm
53%
Pakistan 2.275 Peshawar
45%
Indonesia 1.69 Palembang
40%
India (Bihar) 2.625 Patna
37%
Republic of the Congo 1.13 Pointe-Noire
36%
Indonesia 1.19 Pekanbaru
18%
China (Fujian) 1.41 Putian
17%
China (Jiangxi) 1.02 Pingxiang
10%
China (Henan) 1.08 Pingdingshan
9%
China (Liaoning) 1.03 Panjin
7%
No matching quizzes found
Score Distribution
Percent of People with Each Score
Percentile by Number Answered
Your Score History
You have not taken this quiz